000
00291nam a22001337a 4500
008
181022b xxu||||| |||| 00| 0 eng d
020
_a
9780791089231
041
_a
eng
080
_a
341
100
_a
16
101
_a
JUR
245
_a
Forensic Dna Analysis
_c
Levine.L
942
_2
udc
_c
BK
999
_c
50388
_d
50388